000 01230cad a22002415a 4500
001 L154240
008 111107s2011 xxk f 000 0 eng d
020 _a9780874201598
035 _a(Sirsi) u154240
041 0 _aeng
100 1 _aMiller, Jonathan D.
245 0 0 _aInfrastructure 2011
_ba strategic priority
_h[electronic resource]
260 _c2011
520 _aA report assessing infrastructure policy and initiatives across the world with a special focus on major US metropolitan markets, examining future trends, and recommending approaches for infrastructure investment strategies to help enable long-term regional growth and prosperity. The report is based on interviews with infrastructure experts, plus information gathered at infrastructure forums and up-to-date research.
590 _aKA NTK
651 4 _aInternational
690 _aBUILT ENVIRONMENT-CONSTRUCTION MARKET
690 _aBUILT ENVIRONMENT-CONSTRUCTION MANAGEMENT
710 _aUrban Land Institute
_93094
710 1 _aErnst & Young
_94001
856 4 0 _uhttps://www.ey.com/Publication/vwLUAssets/Real_Estate_Infrastructure_2011/$FILE/Real%20Estate%20Infrastructure%202011.pdf
_zView the item free of charge at www.ey.com
942 _n0
999 _c112895
_d112895